|
|
|
|
| LEADER |
00000nas a22000007a 4500 |
| 005 |
20130312160848.0 |
| 007 |
cr|||| |||| |
| 008 |
130312c20059999xxu r|p s|||| 0|||a1eng d |
| 022 |
|
|
|a 21522448
|
| 035 |
|
|
|a 7147
|
| 040 |
|
|
|a vLex
|
| 090 |
|
|
|c 3900
|d 3900
|
| 245 |
0 |
0 |
|a African Studies Quarterly
|h [Recurso electrn̤ico]
|
| 256 |
|
|
|a Acceso restringido
|
| 260 |
|
|
|a Gainesville :
|b African Studies Quarterly,
|c 2005-
|
| 300 |
|
|
|a 1 Recurso electrn̤ico
|
| 506 |
|
|
|d vLex Global
|d vLex Global (Academic Edition, excluding Law Schools)
|d vLex Global (U.S. Academic Edition, Law Schools)
|d vLex Global (U.S. Academic Edition, excluding Law Schools)
|d vLex Global (Academic Edition, Law Schools)
|
| 650 |
0 |
4 |
|a Ciencias polt̕icas
|v Revistas
|z ℓfrica
|
| 740 |
|
|
|a vLex Revistas (Servicio en ln̕ea)
|
| 856 |
|
|
|a Acceso restringido
|u http://www.vlex.com/source/7147
|
| 942 |
|
|
|c REV
|
| 999 |
|
0 |
|a Political science
|